भारत-रत्नः (Record no. 54227)

MARC details
000 -LEADER
fixed length control field 01338nam a22003017a 4500
005 - DATE AND TIME OF LATEST TRANSACTION
control field 20090724135734.0
008 - FIXED-LENGTH DATA ELEMENTS--GENERAL INFORMATION
fixed length control field 090608t xxu||||| |||| 00| j hin d
010 ## - LCCN (DPL NO)
LC control number HIN-93361
020 ## - INTERNATIONAL STANDARD BOOK NUMBER
International Standard Book Number 9788174831118
Terms of availability 175.00
035 ## - SYSTEM CONTROL NUMBER
System control number HN-65707
037 ## - SOURCE OF ACQUISITION
Source of stock number/acquisition DBAD / PUB
040 ## - CATALOGING SOURCE
Original cataloging agency DPL
Language of cataloging HN
082 ## - DEWEY DECIMAL CLASSIFICATION NUMBER
Classification number 920
100 ## - MAIN ENTRY--PERSONAL NAME
9 (RLIN) 1372
Personal name शर्मा, विश्वमित्र
245 ## - TITLE STATEMENT
Title भारत-रत्नः
Statement of responsibility, etc विश्वमित्र शर्मा
Remainder of title भारत के सर्वोच्च सम्मान 'भारत रत्न' से सम्मानित विशिष्ट व्यक्तियों का जीवन परिचय /
246 ## - VARYING FORM OF TITLE
Title proper/short title Bharat Rayan
Remainder of title by Vishwamitra Sharma
260 ## - PUBLICATION, DISTRIBUTION, ETC. (IMPRINT)
Place of publication, distribution, etc दिल्ली
Name of publisher, distributor, etc शिक्षा भारती
Date of publication, distribution, etc 2010
270 ## - ADDRESS
Address 1590, मदरसा रोड, कश्मीरी गेट
City दिल्ली
Postal code 110006
300 ## - PHYSICAL DESCRIPTION
Extent 247पृ.
Dimensions 22सेमी (सजिल्द)
650 ## - SUBJECT ADDED ENTRY--TOPICAL TERM
9 (RLIN) 1169
650 ## - SUBJECT ADDED ENTRY--TOPICAL TERM
9 (RLIN) 29837
700 ## - ADDED ENTRY--PERSONAL NAME
9 (RLIN) 29841
700 ## - ADDED ENTRY--PERSONAL NAME
9 (RLIN) 29924
700 ## - ADDED ENTRY--PERSONAL NAME
9 (RLIN) 29925
700 ## - ADDED ENTRY--PERSONAL NAME
9 (RLIN) 29926
942 ## - ADDED ENTRY ELEMENTS (KOHA)
Source of classification or shelving scheme Dewey Decimal Classification
Item type Hindi Books
Call number suffix शर्मावि
Classification part 920
Holdings
Withdrawn status Lost status Source of classification or shelving scheme Damaged status Not for loan Collection code Home library Current library Date acquired Source of acquisition Cost, normal purchase price Total Checkouts Full call number Barcode Date last seen Copy number Cost, replacement price Koha item type
    Dewey Decimal Classification   Not For Loan Non-fiction D.B.Act.Division D.B.Act.Division 22/07/2011 DBAD / PUB 175.00   920 शर्मावि HN-65707 22/07/2011 1 175.00 Hindi Books

© Delhi Public Library
Hit Counter
free hit counter